Personnages au centre de l'intrigue dans les séries médicales - Statistiques

Statistiques générales
  • Ce quiz a été pris 29 fois
  • Le résultat moyen est 12 sur 43
Statistiques - réponses
Série Personnages principaux % Correct
Grey's Anatomy Meredith Grey
96%
Grey's Anatomy Derek Shepherd
85%
Grey's Anatomy Cristina Yang
74%
Grey's Anatomy Miranda Bailey
70%
Grey's Anatomy Alex Karev
67%
Grey's Anatomy Izzie Stevens
63%
Dr House Gregory House
59%
Grey's Anatomy Richard Webber
56%
Grey's Anatomy Jo Wilson
48%
Grey's Anatomy Amelia Shepherd
44%
Grey's Anatomy Owen Hunt
44%
Grey's Anatomy April Kepner
41%
Grey's Anatomy Jackson Avery
37%
Grey's Anatomy Teddy Altman
30%
Grey's Anatomy Atticus Lincoln
26%
Urgences Douglas Ross
26%
Scrubs J.D
22%
Scrubs Christopher Turk
19%
Scrubs Elliot Reid
19%
Urgences John Carter
19%
Dr House Lisa Cuddy
19%
Urgences Mark Greene
19%
Dr House Numéro 13
19%
Urgences Peter Benton
19%
Scrubs Carla Espinosa
15%
Urgences Elizabeth Corday
15%
Grey's Anatomy Andrew Deluca
11%
Scrubs Bob Kelso
11%
Urgences Carol Hathaway
11%
Dr House Eric Foreman
11%
Dr House James Wilson
11%
Scrubs Perry Cox
11%
Dr House Robert Chase
11%
Urgences Susan Lewis
11%
Urgences Abby Lockhart
7%
Dr House Allison Cameron
7%
Dr House Chris Taub
7%
Urgences Kerry Weaver
7%
Dr House Lawrence Kutner
7%
Grey's Anatomy Margaret Pierce
7%
Dr House Chi Park
4%
Scrubs Le Concierge
4%
Urgences Luka Kovac
4%
Aucun quiz correspondant
Distribution des résultats
% des personnes avec chaque résultat
Percentile par nombre de réponses
Votre historique - résultats
Vous n’avez pas pris ce quiz